| 000 | 00486nam a22001817a 4500 | ||
|---|---|---|---|
| 005 | 20250827140850.0 | ||
| 008 | 240328b |||||||| |||| 00| 0 eng d | ||
| 020 | _a978-969-637-159-5 | ||
| 082 |
_a615 _bLAI-G |
||
| 100 | _aLaiq Hussain Siddiqui | ||
| 245 |
_aGeneral Anatomy / _cLaiq Hussain Siddiqui |
||
| 250 | _a4th ed. | ||
| 260 |
_aPakistan : _bParamount ; _c2017 |
||
| 300 |
_a148p. : _bill ; _c21 cm. |
||
| 500 | _aInclude index. | ||
| 650 | _aMedical / Anatomy | ||
| 999 |
_c35494 _d35494 |
||